[Event "Cappelle-la-Grande 2014"]
[Site "Cappelle-la-Grande (FRA)"]
[Date "????.??.??"]
[Round "3.56"]
[White "Gao, Rui"]
[Black "Varoquier, Romain"]
[Result "1-0"]
[WhiteElo "2468"]
[BlackElo "2197"]
[PlyCount "93"]

1. e4 e5 2. Nf3 Nc6 3. Bb5 f5 4. d3 fxe4 5. dxe4 Nf6 6. O-O d6 7. Nc3 Be7 8.
Qd3 O-O 9. Qc4+ Kh8 10. Bxc6 bxc6 11. Qxc6 Bg4 12. Ne1 Bd7 13. Qc4 Rb8 14. Qe2
Qe8 15. Nd3 c5 16. b3 Bd8 17. Bg5 Ba5 18. Nd1 Be6 19. Bxf6 Rxf6 20. c4 Qf7 21.
Rc1 Rf8 22. Ne3 Qg6 23. f3 Qg5 24. Rc2 h5 25. Kh1 Qh6 26. Rcc1 Bd8 27. a3 a5
28. b4 axb4 29. axb4 cxb4 30. Nxb4 Rg6 31. Nbd5 Bg5 32. Rb1 Rc8 33. Nf5 Bxf5
34. exf5 Rf6 35. Nxf6 Qxf6 36. Qe4 Qf7 37. Rfd1 Qxc4 38. Rb8 Qc7 39. Rxc8+ Qxc8
40. Ra1 Qc7 41. Qa8+ Bd8 42. Rd1 Qd7 43. Qb8 Qc7 44. Qb5 Qe7 45. Qd5 Bc7 46.
Qe6 Qd8 47. Qf7 1-0

[Event "Cappelle-la-Grande 2014"]
[Site "Cappelle-la-Grande (FRA)"]
[Date "????.??.??"]
[Round "3.57"]
[White "Traistaru, Teodora"]
[Black "Georgescu, Tiberiu-Marian"]
[Result "0-1"]
[WhiteElo "2196"]
[BlackElo "2468"]
[PlyCount "62"]

1. e4 e5 2. Nf3 Nc6 3. Bb5 a6 4. Bxc6 dxc6 5. O-O Qf6 6. d4 exd4 7. Qxd4 Qxd4
8. Nxd4 Bd7 9. Bg5 Ne7 10. Nd2 O-O-O 11. Nc4 f6 12. Be3 c5 13. Nb3 Be6 14. Ncd2
Nc6 15. c3 a5 16. Rad1 b6 17. f4 a4 18. Nc1 Na5 19. e5 fxe5 20. fxe5 Be7 21.
Nf3 Rxd1 22. Rxd1 Nc4 23. Bg5 Nxb2 24. Re1 Re8 25. Bxe7 Rxe7 26. Ng5 Bg8 27.
Re2 a3 28. Kf2 h6 29. Nf3 Nd1+ 30. Kg3 Nxc3 31. Re3 Nxa2 0-1

[Event "Cappelle-la-Grande 2014"]
[Site "Cappelle-la-Grande (FRA)"]
[Date "????.??.??"]
[Round "3.58"]
[White "Van Hoolandt, Patrick"]
[Black "Santiago, Yago De Moura"]
[Result "0-1"]
[WhiteElo "2194"]
[BlackElo "2446"]
[PlyCount "80"]

1. d4 Nf6 2. c4 e6 3. Nf3 Bb4+ 4. Bd2 a5 5. g3 d6 6. Bg2 Nbd7 7. O-O e5 8. Bc1
exd4 9. Nxd4 O-O 10. Nc2 Bc5 11. Nc3 Re8 12. Be3 Bxe3 13. Nxe3 Nc5 14. Qc2 c6
15. Rad1 Qe7 16. Rd4 Be6 17. Rfd1 Red8 18. b3 g6 19. Qd2 Ne8 20. h4 f5 21. g4
fxg4 22. Nxg4 Bxg4 23. Rxg4 Ne6 24. Qe3 Nf6 25. Rgd4 Kf7 26. R4d2 Ng7 27. Qf4
Ngh5 28. Qd4 Kg8 29. Rd3 Ng7 30. Re3 Qf7 31. Rf3 Nf5 32. Qf4 Qg7 33. Bh3 Nh5
34. Qg4 Rf8 35. Ne4 Qe5 36. Rd2 Nd4 37. Rfd3 Rf4 38. Qg5 Rxe4 39. Qxe5 dxe5 40.
f3 Rxh4 0-1

[Event "Cappelle-la-Grande 2014"]
[Site "Cappelle-la-Grande (FRA)"]
[Date "????.??.??"]
[Round "3.59"]
[White "Salazar, Aura Cristina"]
[Black "Sharif, Mehrshad"]
[Result "0-1"]
[WhiteElo "2182"]
[BlackElo "2444"]
[PlyCount "136"]

1. e4 d5 2. exd5 Qxd5 3. Nc3 Qd6 4. d4 Nf6 5. Nf3 c6 6. Ne5 Be6 7. Bc4 Bxc4 8.
Nxc4 Qd8 9. O-O e6 10. Bf4 Be7 11. Qd3 O-O 12. Rad1 Nbd7 13. h3 Nb6 14. Ne5 a5
15. Bh2 a4 16. a3 Nc8 17. Ne2 Qb6 18. c4 Qa6 19. Nc3 Nb6 20. Rfe1 Rfe8 21. Re3
Red8 22. Rf3 Nbd7 23. g4 Nxe5 24. Bxe5 b6 25. Re1 Ra7 26. g5 Nd7 27. Bxg7 Nc5
28. Qe2 Kxg7 29. dxc5 bxc5 30. Qe5+ Kg8 31. Re4 Bf8 32. Rh4 Bg7 33. Qe4 Rd4 34.
Qxh7+ Kf8 35. Ne2 Qxc4 36. Nxd4 cxd4 37. g6 f5 38. Re4 Qd5 39. Qh4 Rd7 40. Ref4
c5 41. Qh5 Ke8 42. Rd3 Rb7 43. Rd2 Rb3 44. Rh4 Qc4 45. Kg2 Qb5 46. Qd1 d3 47.
Rh7 Kf8 48. Rxg7 Kxg7 49. Qh5 Qb7+ 50. Kg1 c4 51. f3 Qb6+ 52. Kh1 Qe3 53. Qh7+
Kf6 54. Qh4+ Ke5 55. g7 Rb8 56. Qg3+ Qf4 57. Qg2 Rg8 58. Rd1 Kf6 59. Rg1 Qh6
60. Qh2 Rxg7 61. Re1 Rd7 62. Qe5+ Kf7 63. Kg2 Qg7+ 64. Qxg7+ Kxg7 65. Kf2 Rb7
66. Rxe6 Rxb2+ 67. Ke1 c3 68. Rc6 Rb1+ 0-1

[Event "Cappelle-la-Grande 2014"]
[Site "Cappelle-la-Grande (FRA)"]
[Date "????.??.??"]
[Round "3.60"]
[White "Leruste, Georges"]
[Black "Nestorovic, Nikola"]
[Result "1/2-1/2"]
[WhiteElo "2179"]
[BlackElo "2434"]
[PlyCount "47"]

1. Nf3 d5 2. g3 g6 3. Bg2 Bg7 4. d4 Nf6 5. O-O O-O 6. c4 dxc4 7. Na3 c3 8. bxc3
c5 9. Qb3 Nc6 10. Rd1 Na5 11. Qb2 Be6 12. Ne5 Nd5 13. f4 cxd4 14. cxd4 Rc8 15.
Bd2 f6 16. Nf3 Qb6 17. Qxb6 axb6 18. Rdc1 Rxc1+ 19. Rxc1 Rc8 20. Rxc8+ Bxc8 21.
e4 Nc7 22. Bxa5 bxa5 23. Nc4 a4 24. Nb6 1/2-1/2

[Event "Cappelle-la-Grande 2014"]
[Site "Cappelle-la-Grande (FRA)"]
[Date "????.??.??"]
[Round "3.61"]
[White "Stella, Andrea"]
[Black "Medghoul, Sherif"]
[Result "1-0"]
[WhiteElo "2434"]
[BlackElo "2179"]
[PlyCount "107"]

1. c4 e6 2. g3 d5 3. Bg2 Nf6 4. Nf3 Be7 5. O-O O-O 6. b3 c5 7. Bb2 Nc6 8. e3 b6
9. Nc3 Bb7 10. cxd5 Nxd5 11. Nxd5 exd5 12. d4 cxd4 13. Nxd4 Nxd4 14. Qxd4 Bf6
15. Qd2 Bxb2 16. Qxb2 Qg5 17. Rfd1 Rac8 18. Rd2 Qf5 19. Rad1 g6 20. h4 Rc5 21.
b4 Rc4 22. a3 Re8 23. Bxd5 Bxd5 24. Rxd5 Rc2 25. Rxf5 Rxb2 26. Rf4 Re7 27. a4
Rc7 28. g4 Kf8 29. Rd8+ Kg7 30. b5 h6 31. Rd6 Rbc2 32. Kg2 Rc1 33. Rd5 R1c3 34.
Kf3 Ra3 35. Kg3 Ra1 36. h5 gxh5 37. Rxh5 Kg6 38. Rhf5 Kg7 39. Rd4 Rg1+ 40. Kf4
Re7 41. f3 Re1 42. e4 Rc1 43. Re5 Rec7 44. Kf5 R1c4 45. Red5 Rc3 46. f4 R3c4
47. e5 Rc1 48. Rd7 R1c5 49. R4d6 Rc4 50. Rg6+ Kh7 51. Rxc7 Rxc7 52. Rc6 Rd7 53.
Kf6 Rd4 54. f5 1-0

[Event "Cappelle-la-Grande 2014"]
[Site "Cappelle-la-Grande (FRA)"]
[Date "????.??.??"]
[Round "3.62"]
[White "Guerreiro, Nuno"]
[Black "Velten, Paul"]
[Result "0-1"]
[WhiteElo "2178"]
[BlackElo "2429"]
[PlyCount "54"]

1. Nf3 Nf6 2. g3 b6 3. Bg2 Bb7 4. O-O g6 5. d3 Bg7 6. e4 O-O 7. Nh4 d5 8. e5
Nfd7 9. f4 e6 10. c4 c6 11. b3 f6 12. d4 fxe5 13. fxe5 Rxf1+ 14. Bxf1 Nxe5 15.
Qe2 Nf7 16. Bb2 dxc4 17. Nf3 c5 18. Nbd2 cxb3 19. axb3 Bd5 20. Bh3 Nc6 21. Re1
Qf6 22. Ne4 Qe7 23. dxc5 Bxe4 24. Bxg7 Bxf3 25. Qxf3 Qxc5+ 26. Kh1 Ng5 27.
Bxe6+ Kxg7 0-1

[Event "Cappelle-la-Grande 2014"]
[Site "Cappelle-la-Grande (FRA)"]
[Date "????.??.??"]
[Round "3.63"]
[White "Salles, Louis"]
[Black "Lazarev, Vladimir"]
[Result "0-1"]
[WhiteElo "2178"]
[BlackElo "2422"]
[PlyCount "74"]

1. e4 c5 2. Nf3 Nc6 3. d4 cxd4 4. Nxd4 Qc7 5. Nc3 e6 6. Be3 a6 7. Qd2 Nf6 8. f3
Be7 9. g4 b5 10. g5 Nxd4 11. Qxd4 Nh5 12. O-O-O Bb7 13. Rg1 Rc8 14. Rg2 Bc5 15.
Qxc5 Qxc5 16. Bxc5 Rxc5 17. Rgd2 Bc6 18. h4 h6 19. g6 fxg6 20. Ne2 O-O 21. Nd4
g5 22. hxg5 Rxg5 23. Nxc6 dxc6 24. Rd6 Rxf3 25. Rxc6 Nf4 26. Rxa6 h5 27. a4
bxa4 28. Bc4 h4 29. Rh1 h3 30. Rxe6 Nxe6 31. Bxe6+ Kf8 32. Rxh3 Rg1+ 33. Kd2
Rg2+ 34. Ke1 Rxh3 35. Bxh3 Rxc2 36. Bd7 Rc4 37. Bf5 Rb4 0-1

[Event "Cappelle-la-Grande 2014"]
[Site "Cappelle-la-Grande (FRA)"]
[Date "????.??.??"]
[Round "3.64"]
[White "Roser, Kevin"]
[Black "Grochal, Joey"]
[Result "1/2-1/2"]
[WhiteElo "2422"]
[BlackElo "2176"]
[PlyCount "51"]

1. e4 c5 2. Nf3 e6 3. d4 cxd4 4. Nxd4 Nc6 5. Nc3 Qc7 6. Be3 Nf6 7. Be2 a6 8. a3
Be7 9. f4 d6 10. g4 b5 11. g5 Nd7 12. O-O Bb7 13. f5 Nxd4 14. Qxd4 Ne5 15. Rad1
Bc6 16. Rf2 g6 17. f6 Bf8 18. a4 Qb7 19. axb5 axb5 20. Qb4 Nd7 21. Nxb5 Nc5 22.
Bxc5 dxc5 23. Qb3 Rb8 24. c4 h6 25. Bg4 Bxb5 26. Qxb5+ 1/2-1/2

[Event "Cappelle-la-Grande 2014"]
[Site "Cappelle-la-Grande (FRA)"]
[Date "????.??.??"]
[Round "3.65"]
[White "Kristiansen, Jens"]
[Black "Vallet, Marc"]
[Result "1-0"]
[WhiteElo "2419"]
[BlackElo "2175"]
[PlyCount "65"]

1. d4 Nf6 2. c4 e5 3. dxe5 Ng4 4. Nf3 Nc6 5. Nc3 Bc5 6. e3 Ngxe5 7. Nxe5 Nxe5
8. f4 Nc6 9. Bd3 d6 10. O-O Bd7 11. Kh1 Qh4 12. a3 f5 13. Nd5 Bb6 14. Qc2 O-O
15. b4 Be6 16. Nxb6 axb6 17. Bb2 Rf7 18. Rf3 Qe7 19. b5 Na5 20. Rg3 Kf8 21. Re1
Re8 22. e4 fxe4 23. Rxe4 Qd8 24. Qc3 d5 25. Rxg7 dxe4 26. Rxf7+ Bxf7 27. Qg7+
Ke7 28. Bf6+ Ke6 29. Bxd8 exd3 30. Qd4 Rxd8 31. Qxd8 Bg6 32. Qd5+ Kf6 33. Qe5+
1-0

[Event "Cappelle-la-Grande 2014"]
[Site "Cappelle-la-Grande (FRA)"]
[Date "????.??.??"]
[Round "3.66"]
[White "Mateo, Ramon"]
[Black "Rendboe, John"]
[Result "1/2-1/2"]
[WhiteElo "2413"]
[BlackElo "2173"]
[PlyCount "66"]

1. e4 c5 2. Nf3 Nc6 3. d4 cxd4 4. Nxd4 e5 5. Nb5 Nf6 6. N1c3 d6 7. Nd5 Nxd5 8.
exd5 Nb8 9. c4 Be7 10. Be2 O-O 11. O-O Nd7 12. Kh1 a6 13. Nc3 f5 14. f4 Bf6 15.
Be3 exf4 16. Bxf4 Ne5 17. Rc1 Bd7 18. b4 Rc8 19. Qb3 Kh8 20. c5 dxc5 21. bxc5
Rxc5 22. Be3 Rc8 23. Qxb7 Nc4 24. Bf4 Re8 25. Qxa6 Ne3 26. Bxe3 Rxe3 27. Nd1
Re5 28. Rxc8 Bxc8 29. Qc4 Rxd5 30. Bf3 Rd4 31. Qf7 Rd2 32. Qc4 Rd4 33. Qf7 Rd2
1/2-1/2

[Event "Cappelle-la-Grande 2014"]
[Site "Cappelle-la-Grande (FRA)"]
[Date "????.??.??"]
[Round "3.67"]
[White "Bujisho, Benjamin"]
[Black "Spitz, Patrick"]
[Result "1-0"]
[WhiteElo "2376"]
[BlackElo "2171"]
[PlyCount "59"]

1. d4 f5 2. c4 Nf6 3. Nc3 g6 4. Nf3 Bg7 5. Bf4 d6 6. h3 O-O 7. e3 c6 8. Be2 Qc7
9. Bh2 Ne4 10. O-O Nxc3 11. bxc3 e5 12. c5 dxc5 13. Bxe5 Bxe5 14. Nxe5 f4 15.
exf4 Rxf4 16. Qd2 Rf6 17. Rae1 Be6 18. Ng4 Bxg4 19. Bxg4 Na6 20. Re2 Rd8 21.
Rfe1 cxd4 22. cxd4 Rf4 23. Re7 Qd6 24. Rxb7 Nc5 25. Rxa7 Ne4 26. Qd3 Nf6 27.
Qb3+ Kh8 28. Qb7 Nd7 29. Bxd7 Qxd4 30. Bxc6 1-0

[Event "Cappelle-la-Grande 2014"]
[Site "Cappelle-la-Grande (FRA)"]
[Date "????.??.??"]
[Round "3.68"]
[White "Borsuk, Angela"]
[Black "Shirazi, Kamran"]
[Result "0-1"]
[WhiteElo "2174"]
[BlackElo "2375"]
[PlyCount "66"]

1. d4 Nf6 2. c4 a6 3. Nc3 c5 4. e3 d5 5. dxc5 e6 6. Nf3 Bxc5 7. Be2 O-O 8. O-O
Nc6 9. a3 d4 10. exd4 Nxd4 11. Nxd4 Bxd4 12. Qc2 Qc7 13. Bg5 Qe5 14. Bh4 Nh5
15. Bf3 g5 16. Rfe1 Qg7 17. Bxg5 Qxg5 18. Re4 Bg7 19. Rg4 Qe7 20. h4 f5 21. Rg5
Nf6 22. Re1 Qc7 23. g4 Qf4 24. gxf5 Qxf3 25. fxe6 Bxe6 26. Rxe6 Rae8 27. Rg3
Qf4 28. Ne2 Qxh4 29. Qf5 Kh8 30. Nf4 Ng8 31. Rh3 Rxe6 32. Nxe6 Rxf5 33. Rxh4
Bxb2 0-1

[Event "Cappelle-la-Grande 2014"]
[Site "Cappelle-la-Grande (FRA)"]
[Date "????.??.??"]
[Round "3.69"]
[White "Ivanov, Mikhail M"]
[Black "N'Guyen, Emilien"]
[Result "1-0"]
[WhiteElo "2367"]
[BlackElo "2158"]
[PlyCount "123"]

1. Nf3 d5 2. g3 c6 3. Bg2 Bg4 4. c4 e6 5. cxd5 exd5 6. O-O Bd6 7. d3 Nf6 8. Qb3
Qb6 9. Qc2 O-O 10. e4 Nbd7 11. Be3 Qc7 12. Nc3 Rfe8 13. Nd4 dxe4 14. dxe4 Bb4
15. Nd5 Qd6 16. Nxb4 Qxb4 17. a3 Qe7 18. f3 Be6 19. Rab1 Nb6 20. Nxe6 Qxe6 21.
Rfd1 Rad8 22. Rxd8 Rxd8 23. Rd1 Rd7 24. Rxd7 Nfxd7 25. Bf1 h6 26. b3 a6 27. Bd4
Nc8 28. Qc3 Qg6 29. Bh3 Ncb6 30. Bf5 Qg5 31. Kf2 g6 32. Be3 Qe7 33. Bxh6 Qe5
34. Qxe5 Nxe5 35. Bh3 a5 36. Be3 a4 37. Bxb6 axb3 38. Bd4 Nc4 39. Bc8 c5 40.
Bf6 b5 41. Ba6 Nxa3 42. Bb2 b4 43. Ke2 c4 44. Kd2 c3+ 45. Bxc3 Nb1+ 46. Kc1
Nxc3 47. Bc4 Kg7 48. Kb2 f5 49. e5 Nd1+ 50. Kxb3 Ne3 51. Kxb4 f4 52. gxf4 Ng2
53. Kc5 Nxf4 54. Kd6 g5 55. e6 Nh5 56. e7 Nf6 57. Kc7 Kg6 58. Be6 Ne8+ 59. Kd8
Ng7 60. e8=Q+ Nxe8 61. Kxe8 Kf6 62. Bg4 1-0

[Event "Cappelle-la-Grande 2014"]
[Site "Cappelle-la-Grande (FRA)"]
[Date "????.??.??"]
[Round "3.70"]
[White "Roger, Mehdi"]
[Black "Mannion, Stephen R"]
[Result "1/2-1/2"]
[WhiteElo "2173"]
[BlackElo "2365"]
[PlyCount "64"]

1. e4 e5 2. Nf3 Nc6 3. d4 exd4 4. Nxd4 Nf6 5. Nc3 Bb4 6. Nxc6 bxc6 7. Bd3 O-O
8. O-O d5 9. exd5 cxd5 10. h3 c6 11. Qf3 Re8 12. Bf4 Be6 13. a3 Bd6 14. Ne2 Ne4
15. Bxd6 Qxd6 16. Bxe4 dxe4 17. Qe3 Qe5 18. Qc3 Qg5 19. Rfd1 Bd5 20. Qe3 Qe5
21. b3 f5 22. c4 Bf7 23. Ra2 Bh5 24. Rd7 Bxe2 25. Rxe2 a5 26. Qd4 Qxd4 27. Rxd4
Rab8 28. Re3 Red8 29. Rxd8+ Rxd8 30. f3 exf3 31. Rxf3 g6 32. b4 axb4 1/2-1/2

[Event "Cappelle-la-Grande 2014"]
[Site "Cappelle-la-Grande (FRA)"]
[Date "????.??.??"]
[Round "3.71"]
[White "Pogorelov, Ruslan"]
[Black "Kienitz, Andre"]
[Result "1/2-1/2"]
[WhiteElo "2364"]
[BlackElo "2152"]
[PlyCount "245"]

1. Nf3 Nf6 2. c4 b6 3. g3 c5 4. Bg2 Bb7 5. O-O g6 6. Nc3 Bg7 7. d4 cxd4 8. Qxd4
d6 9. Rd1 Nbd7 10. Be3 Rc8 11. Rac1 O-O 12. Qh4 a6 13. b3 Rc7 14. Bh3 Qb8 15.
g4 e6 16. g5 Ne8 17. Bd4 Bxf3 18. exf3 b5 19. Bxg7 Nxg7 20. Ne4 bxc4 21. bxc4
Ne8 22. Qf4 Rc6 23. Qe3 Qc7 24. Bf1 Ng7 25. Ng3 Rc8 26. Rb1 Ne5 27. Qa3 Ne8 28.
Ne4 Rb8 29. Rxb8 Qxb8 30. Be2 Qb6 31. Qa4 Kf8 32. f4 Nd7 33. Qa3 Nc5 34. Ng3
Rc8 35. Qc3 Kg8 36. h4 Rb8 37. Rd2 Qb1+ 38. Kg2 Ne4 39. Nxe4 Qxe4+ 40. Qf3
Qxf3+ 41. Kxf3 Rb6 42. c5 Rc6 43. cxd6 Nxd6 44. h5 gxh5 45. Kg2 Kg7 46. Bxh5 h6
47. Rd3 hxg5 48. fxg5 f6 49. Bg4 fxg5 50. Bxe6 Kf6 51. Bd5 Rc5 52. Bb3 Nf5 53.
Rd8 a5 54. Kf3 Re5 55. Rf8+ Kg7 56. Rf7+ Kg6 57. Rd7 Kf6 58. Kg2 Nh4+ 59. Kh3
Nf5 60. Rf7+ Kg6 61. Ra7 Nd4 62. Bc4 Kf5 63. Bd3+ Kf4 64. Rf7+ Nf5 65. Kg2 Kg4
66. Bxf5+ Rxf5 67. Ra7 Rc5 68. Ra8 Kf4 69. Rf8+ Rf5 70. Rc8 Rd5 71. Rc4+ Kf5
72. Kg3 Re5 73. f3 Rd5 74. a4 Kf6 75. Kg4 Kg6 76. Rc6+ Kf7 77. Ra6 Rd4+ 78.
Kxg5 Rxa4 79. f4 Ra1 80. Ra7+ Kf8 81. f5 Rf1 82. Kg6 a4 83. Rxa4 Rf2 84. Ra8+
Ke7 85. Ra7+ Kf8 86. Kf6 Kg8 87. Ra8+ Kh7 88. Ke6 Kg7 89. Ra7+ Kf8 90. Ra8+ Kg7
91. Ra7+ Kf8 92. Kf6 Kg8 93. Ra1 Rf3 94. Rg1+ Kf8 95. Re1 Rf2 96. Rb1 Kg8 97.
Rb8+ Kh7 98. Rf8 Ra2 99. Rf7+ Kg8 100. Re7 Rf2 101. Re8+ Kh7 102. Ke6 Kg7 103.
Re7+ Kf8 104. Ra7 Rf1 105. Kf6 Kg8 106. Ra2 Rf3 107. Rg2+ Kf8 108. Kg6 Rf1 109.
Kf6 Ra1 110. Re2 Rf1 111. Re5 Rf2 112. Rc5 Kg8 113. Rc8+ Kh7 114. Rf8 Ra2 115.
Re8 Rf2 116. Rb8 Rf1 117. Rb7+ Kg8 118. Rg7+ Kf8 119. Ra7 Kg8 120. Ra8+ Kh7
121. Ke6 Kg7 122. Ra7+ Kf8 123. Ra8+ 1/2-1/2

[Event "Cappelle-la-Grande 2014"]
[Site "Cappelle-la-Grande (FRA)"]
[Date "????.??.??"]
[Round "3.72"]
[White "Daulyte, Deimante"]
[Black "Courrier, Arnaud"]
[Result "1-0"]
[WhiteElo "2357"]
[BlackElo "2106"]
[PlyCount "95"]

1. e4 e6 2. d4 d5 3. Nc3 Bb4 4. e5 Qd7 5. a3 Bxc3+ 6. bxc3 b6 7. Qg4 f5 8. Qg3
Ba6 9. Bxa6 Nxa6 10. Ne2 O-O-O 11. a4 Nb8 12. a5 Nc6 13. Qd3 Kb8 14. O-O Nge7
15. Bg5 h6 16. Bxe7 Nxe7 17. Rfb1 g5 18. Qa6 Nc8 19. c4 dxc4 20. Qxc4 f4 21.
Rb3 Rhf8 22. Rd1 Ne7 23. Rh3 Nf5 24. Rhd3 Qd5 25. Qxd5 exd5 26. g3 fxg3 27.
hxg3 h5 28. f4 g4 29. Kf2 Rh8 30. Rh1 Rh6 31. Nc3 c6 32. axb6 axb6 33. Nd1 h4
34. gxh4 g3+ 35. Rxg3 Nxg3 36. Kxg3 Rg8+ 37. Kf3 Rgh8 38. Nf2 Rxh4 39. Rxh4
Rxh4 40. Kg3 Rh8 41. f5 Kc7 42. Nd3 Kd7 43. Nf4 Rg8+ 44. Kh4 Ke8 45. Ng6 c5 46.
Kg5 Kd7 47. Kf6 cxd4 48. Kf7 1-0

[Event "Cappelle-la-Grande 2014"]
[Site "Cappelle-la-Grande (FRA)"]
[Date "????.??.??"]
[Round "3.73"]
[White "Marchyllie, Bruno"]
[Black "Piceu, Tom"]
[Result "0-1"]
[WhiteElo "2148"]
[BlackElo "2347"]
[PlyCount "72"]

1. e4 c5 2. d4 cxd4 3. c3 dxc3 4. Nxc3 e6 5. Nf3 a6 6. Bc4 Nc6 7. O-O Nge7 8.
Bg5 b5 9. Bxb5 f6 10. Bf4 Qb6 11. Be3 Qa5 12. Bc4 Ng6 13. a3 Be7 14. b4 Qc7 15.
Rc1 O-O 16. Qe2 Kh8 17. Rfd1 f5 18. exf5 Rxf5 19. Bd3 Rh5 20. g4 Rh3 21. Bxg6
hxg6 22. Kg2 Rh7 23. Qd2 Qb7 24. Kg3 Nd4 25. Qxd4 Rh3+ 26. Kg2 Qxf3+ 27. Kf1
Rxh2 28. Ke1 Bf6 29. Qd3 Bb7 30. Kd2 Qxg4 31. Ne2 Be4 32. Qxd7 Kh7 33. Rc8 Rh5
34. Rxa8 Rd5+ 35. Qxd5 exd5 36. Ng3 d4 0-1

[Event "Cappelle-la-Grande 2014"]
[Site "Cappelle-la-Grande (FRA)"]
[Date "????.??.??"]
[Round "3.74"]
[White "Vul, Arkadi Eremeevich"]
[Black "Costa, Paulo"]
[Result "1-0"]
[WhiteElo "2346"]
[BlackElo "2123"]
[PlyCount "63"]

1. Nf3 c5 2. c4 Nc6 3. d4 cxd4 4. Nxd4 Nf6 5. Nc3 g6 6. e4 d6 7. Be2 Nxd4 8.
Qxd4 Bg7 9. Be3 O-O 10. Qd2 Be6 11. Rc1 Qa5 12. f3 Rfc8 13. b3 a6 14. Na4 Qxd2+
15. Kxd2 Nd7 16. f4 Rab8 17. c5 dxc5 18. Nxc5 Nxc5 19. Bxc5 Rd8+ 20. Ke3 Rd7
21. Rhd1 Rbd8 22. Bxe7 Re8 23. Bc5 Bf5 24. e5 g5 25. g3 f6 26. Bc4+ Kh8 27.
Rxd7 Bxd7 28. Bf7 gxf4+ 29. gxf4 Rc8 30. e6 Bxe6 31. Bxe6 Re8 32. Be7 1-0

[Event "Cappelle-la-Grande 2014"]
[Site "Cappelle-la-Grande (FRA)"]
[Date "????.??.??"]
[Round "3.75"]
[White "Pedersen, Henrik Bolding"]
[Black "Hoolt, Sarah"]
[Result "0-1"]
[WhiteElo "2140"]
[BlackElo "2345"]
[PlyCount "104"]

1. e4 c5 2. c3 e6 3. d4 d5 4. exd5 exd5 5. Be3 cxd4 6. Qxd4 Nc6 7. Bb5 Nge7 8.
Qh4 Qa5 9. Qa4 Qxa4 10. Bxa4 Bg4 11. Ne2 O-O-O 12. f3 Bf5 13. Nd4 Bd3 14. Na3
Nxd4 15. Bxd4 Nc6 16. O-O-O Nxd4 17. Rxd3 Ne2+ 18. Kc2 Bxa3 19. bxa3 d4 20.
cxd4 Nxd4+ 21. Kb2 Ne6 22. Rhd1 Rxd3 23. Rxd3 Nc5 24. Rc3 b6 25. Bb3 Kd7 26.
Re3 f6 27. Bc2 Kd6 28. Re2 g5 29. Rd2+ Ke5 30. Bb3 Kf4 31. Rd6 Rf8 32. a4 Ke3
33. Bc2 h5 34. Kc1 h4 35. Bf5 Nxa4 36. Re6+ Kf2 37. Kd2 Rd8+ 38. Kc2 Kxg2 39.
Rxf6 Rd5 40. h3 Nc5 41. Kc3 b5 42. Be4 Nxe4+ 43. fxe4 Rc5+ 44. Kd4 Rc4+ 45. Kd5
Kxh3 46. e5 Rc2 47. e6 Rd2+ 48. Ke5 Re2+ 49. Kf5 g4 50. Rh6 g3 51. Kg5 Re5+ 52.
Kf4 g2 0-1

[Event "Cappelle-la-Grande 2014"]
[Site "Cappelle-la-Grande (FRA)"]
[Date "????.??.??"]
[Round "3.76"]
[White "Favarel, Antoine"]
[Black "Dutreuil, Raphael"]
[Result "0-1"]
[WhiteElo "2345"]
[BlackElo "2104"]
[PlyCount "64"]

1. d4 Nf6 2. c4 g6 3. g3 Bg7 4. Bg2 d6 5. Nc3 O-O 6. Nf3 Nbd7 7. O-O e5 8. b3
c6 9. e4 Re8 10. h3 exd4 11. Nxd4 Nc5 12. Re1 a5 13. Rb1 Qb6 14. Be3 Qb4 15.
Qc2 Bd7 16. Red1 Rac8 17. Ra1 a4 18. Bd2 Qb6 19. Be3 Qb4 20. bxa4 Qxc4 21. Bf1
Qb4 22. Rab1 Qa5 23. Nb3 Nxb3 24. axb3 Qh5 25. h4 d5 26. Be2 Bg4 27. Bxg4 Qxg4
28. exd5 Rxe3 29. fxe3 Qxg3+ 30. Kf1 Ng4 31. Ne4 Nxe3+ 32. Ke2 Qg2+ 0-1

[Event "Cappelle-la-Grande 2014"]
[Site "Cappelle-la-Grande (FRA)"]
[Date "????.??.??"]
[Round "3.77"]
[White "Depoorter, Enguerran"]
[Black "Soltanici, Ruslan"]
[Result "0-1"]
[WhiteElo "2131"]
[BlackElo "2344"]
[PlyCount "122"]

1. e4 c5 2. Nf3 d6 3. Bb5+ Nd7 4. d4 cxd4 5. Qxd4 a6 6. Bxd7+ Bxd7 7. Nc3 Rc8
8. O-O e5 9. Qd3 h6 10. Nd2 Qc7 11. Rd1 Nf6 12. Nf1 Be7 13. Ne3 Be6 14. a4 O-O
15. f3 Qc5 16. Kh1 Rfd8 17. Ncd5 Nxd5 18. exd5 Bd7 19. c3 b5 20. axb5 axb5 21.
Nc2 Ra8 22. Be3 Qc4 23. Qxc4 bxc4 24. Ba7 f5 25. Ra5 f4 26. Rda1 Bf5 27. Nb4
Re8 28. Nc6 Bf6 29. Bb6 Rxa5 30. Rxa5 e4 31. fxe4 Rxe4 32. Ra8+ Kh7 33. Kg1 Re2
34. Nd4 Rxb2 35. Nxf5 Rxb6 36. Rc8 Kg6 37. Nd4 Bxd4+ 38. cxd4 Rb5 39. Rxc4 Rxd5
40. Kf2 Kf5 41. Kf3 g5 42. g4+ fxg3 43. hxg3 h5 44. Ra4 Rb5 45. Ra3 g4+ 46. Ke3
d5 47. Rc3 Rb2 48. Rc8 Rb3+ 49. Kf2 Rb2+ 50. Ke3 Rg2 51. Rf8+ Kg6 52. Rg8+ Kf7
53. Rg5 Rxg3+ 54. Kf2 h4 55. Rxd5 Kg6 56. Rd8 Rf3+ 57. Kg1 h3 58. Kh2 Rf2+ 59.
Kg1 Rd2 60. d5 Kf5 61. d6 Kf4 0-1

[Event "Cappelle-la-Grande 2014"]
[Site "Cappelle-la-Grande (FRA)"]
[Date "????.??.??"]
[Round "3.78"]
[White "Nasuta, Grzegorz"]
[Black "Chalmeton, Guillaume"]
[Result "1/2-1/2"]
[WhiteElo "2344"]
[BlackElo "2081"]
[PlyCount "87"]

1. e4 c6 2. d4 d5 3. Nc3 dxe4 4. Nxe4 Bf5 5. Ng3 Bg6 6. h4 h6 7. Nf3 e6 8. Ne5
Bh7 9. Bd3 Bxd3 10. Qxd3 Nf6 11. Bd2 Nbd7 12. f4 Be7 13. O-O-O O-O 14. Rhe1 c5
15. Nxd7 Qxd7 16. f5 cxd4 17. fxe6 fxe6 18. Qg6 Kh8 19. Bf4 Bd6 20. Rxd4 Bxf4+
21. Rxf4 Rfd8 22. Rff1 Qd2+ 23. Kb1 Rac8 24. a3 Rc6 25. Re2 Qd4 26. Nh5 Nxh5
27. Qxh5 Rb6 28. b3 Qc3 29. Qf3 Rd3 30. Qf2 Rdd6 31. Qf8+ Kh7 32. Qf3 Qc5 33.
Qe4+ Kg8 34. Ref2 Rd8 35. Kb2 Rc6 36. Ka2 Ra6 37. a4 b5 38. Qb7 Ra5 39. Kb1
bxa4 40. Rf7 Qe5 41. Rd7 Rxd7 42. Qxd7 axb3 43. Qd8+ Kh7 44. Qd3+ 1/2-1/2

[Event "Cappelle-la-Grande 2014"]
[Site "Cappelle-la-Grande (FRA)"]
[Date "????.??.??"]
[Round "3.79"]
[White "Massoni, Michael"]
[Black "Le Montagner, Yoann"]
[Result "1/2-1/2"]
[WhiteElo "2341"]
[BlackElo "2050"]
[PlyCount "127"]

1. d4 Nf6 2. c4 c5 3. d5 b5 4. cxb5 a6 5. b6 d6 6. Nc3 Nbd7 7. b7 Bxb7 8. e4 g6
9. Nf3 Bg7 10. Be2 O-O 11. O-O a5 12. a4 Nb6 13. Bf4 Nfd7 14. Qd2 c4 15. Bh6
Nc5 16. Bxg7 Kxg7 17. Qd4+ f6 18. Nd2 e5 19. dxe6 Nxe6 20. Qe3 Rc8 21. f4 Re8
22. f5 Nc5 23. fxg6 hxg6 24. Bg4 Rc7 25. Qg3 Re5 26. Bf5 Qe8 27. Rf4 Rce7 28.
Rg4 g5 29. h4 Nxe4 30. Bxe4 Bxe4 31. Ndxe4 Rxe4 32. Nxe4 Rxe4 33. Rxe4 Qxe4 34.
hxg5 Qd4+ 35. Kh2 f5 36. Re1 Nd5 37. Re2 f4 38. Qh3 Ne3 39. Qf3 Kg6 40. g3 Kxg5
41. gxf4+ Qxf4+ 42. Qg3+ Ng4+ 43. Kg2 Qd4 44. Qc3 Qd5+ 45. Qf3 Qd4 46. Qc3 Qd5+
47. Kg3 Ne5 48. Kf2 Kf5 49. Qh3+ Kf4 50. Qh6+ Kf5 51. Qf8+ Kg4 52. Qg7+ Kf5 53.
Qg3 Nd3+ 54. Kg1 Qd4+ 55. Kf1 Qf4+ 56. Qxf4+ Kxf4 57. Rc2 Ke3 58. Rxc4 Nxb2 59.
Rh4 Kd3 60. Rh5 Nxa4 61. Rxa5 Nc3 62. Ra6 d5 63. Rd6 d4 64. Rxd4+ 1/2-1/2

[Event "Cappelle-la-Grande 2014"]
[Site "Cappelle-la-Grande (FRA)"]
[Date "????.??.??"]
[Round "3.80"]
[White "Senders, Mischa"]
[Black "Calistri, Tristan"]
[Result "1-0"]
[WhiteElo "2110"]
[BlackElo "2339"]
[PlyCount "133"]

1. e4 c5 2. Nf3 e6 3. d4 cxd4 4. Nxd4 a6 5. Nc3 Qc7 6. Be2 Nc6 7. O-O Nf6 8.
Be3 Be7 9. Kh1 O-O 10. f4 d6 11. a4 Re8 12. Nb3 b6 13. Bf3 Bb7 14. g4 Bf8 15.
g5 Nd7 16. Bg2 Nb4 17. Rf3 g6 18. Rh3 Bg7 19. Nd4 e5 20. Nde2 exf4 21. Nxf4 Ne5
22. Bd4 Rac8 23. Rc1 Qd8 24. Rg3 Rc4 25. Bg1 Nd7 26. Qf1 Qc7 27. Nfe2 Be5 28.
Rh3 Qd8 29. Rxh7 Kxh7 30. Qxf7+ Kh8 31. Qxc4 Nc6 32. Rf1 Qxg5 33. Rf3 Re7 34.
Rh3+ Kg7 35. Be3 Qg4 36. Bh6+ Kh7 37. Bf8+ Qxh3 38. Bxh3 Nxf8 39. Kg2 Kg7 40.
Nd5 Rf7 41. c3 g5 42. Nd4 Na5 43. Qe2 Ng6 44. Qg4 Bxd4 45. cxd4 Kh6 46. Qe6 Kg7
47. Kg1 Nc4 48. Bf5 Nf8 49. Qe8 Bxd5 50. Qd8 Bb7 51. b3 Na3 52. Qxg5+ Kh8 53.
Qc1 d5 54. Qxa3 dxe4 55. b4 Kg8 56. Qh3 Bd5 57. Qh5 e3 58. Bd3 Bf3 59. Qh4 e2
60. Bc4 Ng6 61. Bxf7+ Kxf7 62. Qh7+ Kf6 63. Kf2 Nf4 64. Qh8+ Kf7 65. Qh7+ Kf6
66. Qh4+ Kf5 67. Kxf3 1-0